Геохимические поиски. Фундаментальные труды зарубежных ученых по геологии, геофизике и геохимии: пер. с англ.

Detalles Bibliográficos
Outros autores: Бойл Р. (редактор)
Idioma:ruso
Publicado: Москва, Мир, 1973
Series:Науки о Земле
Subjects:
Formato: MixedMaterials Libro
KOHA link:https://koha.lib.tpu.ru/cgi-bin/koha/opac-detail.pl?biblionumber=215099

MARC

LEADER 00000nam0a2200000 4500
001 215099
005 20231101225938.0
035 |a (RuTPU)RU\TPU\book\234996 
090 |a 215099 
100 |a 20120503d1973 k y0rusy50 ca 
101 1 |a rus  |c eng 
102 |a RU 
105 |a a z 001zy 
200 1 |a Геохимические поиски. Фундаментальные труды зарубежных ученых по геологии, геофизике и геохимии  |e пер. с англ.  |f под ред. Р. Бойл 
210 |a Москва  |c Мир  |d 1973 
215 |a 328 с.  |c ил. 
225 1 |a Науки о Земле 
320 |a Библиогр. в конце ст. 
606 1 |a Геохимия прикладная  |2 stltpush  |3 (RuTPU)RU\TPU\subj\6303  |9 34226 
610 1 |a Земля 
610 1 |a геохимия 
610 1 |a геохимические поиски 
610 1 |a геология 
610 1 |a геофизика 
610 1 |a изотопные методы 
675 |a 550.84  |v 3 
702 1 |a Бойл  |b Р.  |4 340 
801 1 |a RU  |b 63413507  |c 20120503 
801 2 |a RU  |b 63413507  |c 20170907  |g RCR 
942 |c BK